00679nam a2200181 a 4500003000200000005001700002008004100019050003100060100001800091245011100109260009200220300004800312504004100360650003200401650002200433650002300455650001900478020250621112553.0021022s19uu xx 00 eng d aPGS TX 361.S86b.H874 1998 aHuang, James. aCanteen food preferences of Southville International School students school year 1997-1998 /cJames Huang. aLas Piñas City, Philippines : bSouthville International School and Colleges,c1998. a29 pages :bcolored illustrations ;c28 cm. aIncludes bibliographical references. aSchool childrenvNutrition. aFood preferences. aSchool cafeterias. aEating habits.